แสดงรายละเอียดบรรณานุกรม
  กลับหน้าหลัก

Brief Record : Get Marc (ISO 2709) : E-mail record : QR code ปิดหน้าต่าง
LEADER 00000nam 2200000uu 4500
001    212148
003     ULIBM
008    020711s2559 th a 000 0 tha d
090    ^aVCD000400
100 0  Dr.Warm
245    วีซีดีเรื่อง ภาษาอังกฤสำหรับพยาบาลและบุคลากรทางการแพทย์=^bSimple english for nurses & medical professionals/^cโดย Dr.Warm
260    นนทบุรี :^bธิงค์ บียอนด์ บุ๊คส์,^c2559
650  4 English language^xTechnical English
650  4 ^aEnglish language^xMedical English
650  4 ^aภาษาอังกฤษ^xบทสนทนาและวลี
650  4 ^aภาษาอังกฤษ^xการใช้ภาษา^xบุคลากรทางการแพทย์
999    ^aใช้งานได้ทุกระบบ
รายการนี้ยังไม่มีแท็ก
คุณยังไม่ได้ล็อกอิน คุณสามารถมีกิจกรรมร่วมกับเว็บไซต์ได้ แต่ต้องล็อกอินก่อน ::
  ล็อกอิน
ลำดับที่ ประเภท เลขเรียก สถานที่ สถานะ
1. สื่อวีดิทัศน์
สื่อวีดิทัศน์
VCD000400 2559 c.1 
  
ชั้นวีซีดี On Shelf
  ขอยืม
Note:จัดซื้อปีงบประมาณ 2561
2. สื่อวีดิทัศน์
สื่อวีดิทัศน์
VCD000400 2559 c.2 
  
ชั้นวีซีดี On Shelf
  ขอยืม
Note:จัดซื้อปีงบประมาณ 2561
3. สื่อวีดิทัศน์
สื่อวีดิทัศน์
VCD000400 2559 c.3 
  
ชั้นวีซีดี On Shelf
  ขอยืม
Note:จัดซื้อปีงบประมาณ 2561
4. สื่อวีดิทัศน์
สื่อวีดิทัศน์
VCD000400 2559 c.4 
  
ชั้นวีซีดี On Shelf
  ขอยืม
Note:จัดซื้อปีงบประมาณ 2561
5. สื่อวีดิทัศน์
สื่อวีดิทัศน์
VCD000400 2559 c.5 
  
ชั้นวีซีดี On Shelf
  ขอยืม
Note:จัดซื้อปีงบประมาณ 2561
   [แสดง 5/5 รายการ]

รายการใกล้เคียง
    หัวเรื่อง [ภาษาอังกฤษ บทสนทนาและวลี]

BibComment


ยังไม่เคยถูกคอมเมนท์

คอมเมนท์ทรัพยากรรายการนี้
  คอมเมนท์: วีซีดีเรื่อง ภาษา..
Bib 212148

 
 
 

 Union Library Management : ULibM
Copyright 2026. All Rights Reserved.
скачать бесплатно без регистрации порно красивый секс HD Sex Hindi sex

xxx gou

xxxx

bfxxx

xxxwww

Секса Видео

xxxx

Секса Видео

detube

geilexxx

C99 Shell

worms shell

blod xxx video
Ebony Coed Rihanna Rimes Takes A Dick In Her Young Twat priyaa indian fuck anal and pusssy hardcore indian women xxx desi hardcore fucking part 1 bengalixxxcouple